Sermón panegírico de nuestra señora de Covadonga, que en la solemne función que le hace anualmente la Real Congregación de los...

Detalles Bibliográficos
Autor principal: HEREDIA Y SACRAMENTO, José Ignacio
Formato: Libro
Publicado: México 1807
Materias:
Colección:Banco de datos
Acervo:Biblioteca del Ex Convento de Nuestra Señora de Guadalupe. Zacatecas
Tema general:Homilética
Notas:Buena. XI,8,5(3726). Portada presenta ex libris manuscrito del P. Zubía. Encuadernado en un solo volumen con 10 más a la V. María. Al final aparece el índice manuscrito. S/Mca. fuego
LEADER 00941nam a22001930004500
035 |a 42753 
036 |a 3937 
100 1 |a HEREDIA Y SACRAMENTO, José Ignacio 
245 1 0 |a Sermón panegírico de nuestra señora de Covadonga, que en la solemne función que le hace anualmente la Real Congregación de los... 
260 |a México  |b Mariano de Zúñiga y Ontiveros  |c 1807 
500 |a Buena. XI,8,5(3726). Portada presenta ex libris manuscrito del P. Zubía. Encuadernado en un solo volumen con 10 más a la V. María. Al final aparece el índice manuscrito. S/Mca. fuego 
650 1 0 |a Homilética 
949 |a CRZ-CG 
959 |a Ex convento de Nuestra Señora de Guadalupe, Museo Regional de Zacatecas, Zacatecas  |b CCC4 
960 |a Convento de Nuestra Señora de Guadalupe, Zacatecas  |b DD87 
961 |a Franciscana  |b OF 
942 |c CRZ-CG 
943 |g Biblioteca del Ex Convento de Nuestra Señora de Guadalupe. Zacatecas 
999 |c 966880  |d 966880